000 nam a22 a 4500
999 _c171902
_d171902
003 BLK
005 20220416145216.0
008 180411b bul|||||r ||||||| ||bul||
010 _aKNG00180198000
040 _aBLK
041 _aBUL
_cBUL
080 _aГеографско разпространение на животните. Зоогеография. Фауна. Подразделя се чрез определителите за място (Табл. Ie). Вж и 591.5
_b591.9
_z591.9
100 1 _aПешев, Цоло Христов
_eпърви автор
_9376004
139 _aПешев, Цоло Христов
_bП 50
245 1 0 _aМалка зоография
_cЦоло Христов Пешев.
257 _aBGR
260 _aСофия
_bНаука и изкуство
_c1964
300 _a208 с.
_bс ил.
_c22 см
380 _a5
490 _aБиблиотека Биология и геология
_9204945
653 _aзоогеография
852 _aЦб 30614
_bЦб
856 4 _qpdf
856 4 _qpdf
942 _cKNG
_n0
_s1
944 _aCR
_c24.08.2015
_kВалентина_Караджова
944 _aED
_c24.08.2015
_kВалентина_Караджова